[Event "Schwarzwald Seniors op 12th"]
[Site "Steinach"]
[Date "2004.05.13"]
[Round "9"]
[White "Jetter, Erwin"]
[Black "Dinser, Hans"]
[Result "1/2-1/2"]
[WhiteElo "1703"]
[BlackElo "1774"]
[PlyCount "118"]
[EventDate "2004.03.29"]
[EventType "swiss"]
[EventRounds "9"]
[EventCountry "GER"]
[SourceTitle "EXT 2006"]
[Source "ChessBase"]
[SourceDate "2005.11.24"]
[SourceVersion "1"]
[SourceVersionDate "2005.11.24"]
[SourceQuality "1"]

1. d4 d5 2. Nf3 Bf5 3. e3 e6 4. c4 Bxb1 5. Rxb1 c6 6. Bd3 Nf6 7. 0-0 Bd6 8. h3 Nbd7 9. Re1 dxc4 10. Bxc4 Ne4 11. a3 0-0 12. Bd3 Ng5 13. e4 Nxf3+ 14. Qxf3 e5 15. Be3 exd4 16. Bxd4 Ne5 17. Bxe5 Bxe5 18. Red1 Qf6 19. Qxf6 Bxf6 20. Kf1 Rad8 21. Ke2 g6 22. g3 Kg7 23. Kd2 Rfe8 24. f3 Bd4 25. Kc2 Bf2 26. g4 Be3 27. Be2 Kf6 28. Rxd8 Rxd8 29. Rd1 Rxd1 30. Bxd1 Ke5 31. Kd3 Bf2 32. Bb3 f6 33. Bd1 g5 34. a4 a5 35. b3 b5 36. axb5 cxb5 37. Bc2 h6 38. Bd1 Kf4 39. Ke2 Bd4 40. Kd3 Be5 41. Ke2 Kg3 42. Bc2 Kxh3 43. Bd1 Kh4 44. Bc2 h5 45. gxh5 Kxh5 46. Bd1 Kh4 47. Kf2 Kh3 48. Bc2 Bd4+ 49. Ke2 Kg3 50. Bd1 Kf4 51. Bc2 Bb2 52. Bd1 g4 53. fxg4 Kxe4 54. Kd2 Kd4 55. Kc2 Ba3 56. Bf3 Kc5 57. Be4 Kb4 58. Bd5 Kc5 59. Be6 Bb4 1/2-1/2

[Event "Wuerttemberg-ch Seniors 16th"]
[Site "Freudenstadt"]
[Date "2004.05.03"]
[Round "2"]
[White "Goy, Udo"]
[Black "Dinser, Hans"]
[Result "1/2-1/2"]
[WhiteElo "2251"]
[BlackElo "1993"]
[PlyCount "82"]
[EventDate "2004.05.02"]
[EventType "swiss"]
[EventRounds "9"]
[EventCountry "GER"]
[SourceTitle "EXT 2006"]
[Source "ChessBase"]
[SourceDate "2005.11.24"]
[SourceVersion "1"]
[SourceVersionDate "2005.11.24"]
[SourceQuality "1"]

1. d4 d5 2. Nf3 Nf6 3. c4 e6 4. Nc3 c6 5. e3 Nbd7 6. a3 Bd6 7. Bd3 e5 8. cxd5 cxd5 9. dxe5 Nxe5 10. Bb5+ Bd7 11. Bxd7+ Qxd7 12. 0-0 0-0 13. b3 Nxf3+ 14. Qxf3 Be5 15. Bb2 Qg4 16. Qxg4 Nxg4 17. h3 Nf6 18. f4 Bxc3 19. Bxc3 Ne4 20. Rfc1 b6 21. Ra2 f6 22. Bd4 Rfc8 23. Rcc2 h5 24. Kf1 Kf7 25. Ke2 Ke6 26. a4 Kd7 27. b4 Rxc2+ 28. Rxc2 Rc8 29. Rxc8 Kxc8 30. Kf3 g6 31. g4 hxg4+ 32. Kxg4 f5+ 33. Kf3 Kb7 34. h4 a6 35. Kg2 b5 36. axb5 axb5 37. h5 gxh5 38. Kh3 Kc6 39. Kh4 Kd6 40. Kxh5 Ke6 41. Kg6 Nf2 1/2-1/2